000 00478nam a22001697a 4500
005 20251108164042.0
008 250721s1996 xx 000 0 ara d
082 1 4 _a150/كام
100 1 _aعويضه، كامل محمد محمد
245 1 0 _aعلم النفس /
264 1 _aبيروت :
_bدار الكتب العلمية،
_c1996.
300 _a213ص
490 0 _aسلسلة علم النفس ؛ 1
650 1 7 _aعلم النفس
942 _2ddc
_cBK
999 _c2418
_d2418